| 000 | 00448nam a2200157Ia 4500 | ||
|---|---|---|---|
| 008 | 220216s9999 xx 000 0 und d | ||
| 100 | _aRajammal G | ||
| 245 | 0 | _aSpeciality rubbers | |
| 260 |
_bHandbook of Natural Rubber Production in India(Ed. P N Radhakrishna Pillay). Kottayam, RRII, 1980 _c1980 |
||
| 300 | _a451-481 | ||
| 700 | _aMathew N M | ||
| 700 | _aMichael T C | ||
| 700 | _aPeethambaran N R | ||
| 700 | _aThomas E V | ||
| 942 | _cJS | ||
| 999 |
_c69129 _d69129 |
||